| 000 | 01601cam a22003734a 4500 | ||
|---|---|---|---|
| 999 |
_c529897 _d529897 |
||
| 001 | 15068477 | ||
| 005 | 20191004195941.0 | ||
| 008 | 071102s2008 enka b 001 0 eng | ||
| 010 | _a 2007045551 | ||
| 015 |
_aGBA743062 _2bnb |
||
| 016 | 7 |
_a013761334 _2Uk |
|
| 020 | _a9780470059975 (cloth : acidfree paper) | ||
| 020 | _a0470059974 (cloth : acidfree paper) | ||
| 035 | _a(OCoLC)ocn180852094 | ||
| 035 | _a(OCoLC)180852094 | ||
| 040 |
_aDLC _cDLC _dBAKER _dBWKUK _dUKM _dYDXCP _dDLC |
||
| 050 | 0 | 0 |
_aQA402.3 _b.G557 2008 |
| 082 | 0 | 0 |
_a003 _222 _bSAL |
| 100 |
_aSaltelli, A. _922913 |
||
| 245 | 0 | 0 |
_aGlobal sensitivity analysis : _bthe primer / _cAndrea Saltelli ... [et al.]. |
| 260 |
_aChichester, England ; _aHoboken, NJ : _bJohn Wiley, _cc2008. |
||
| 300 |
_ax, 292 p. : _bill. ; _c24 cm. |
||
| 504 | _aIncludes bibliographical references (p. [279]-285) and index. | ||
| 650 | 0 |
_aSensitivity theory (Mathematics) _922914 |
|
| 650 | 0 |
_aGlobal analysis (Mathematics) _922915 |
|
| 650 | 0 |
_aMathematical models. _93646 |
|
| 700 | 1 |
_aSaltelli, A. _q(Andrea), _d1953- _922916 |
|
| 856 | 4 | 2 |
_3Publisher description _uhttp://www.loc.gov/catdir/enhancements/fy0805/2007045551-d.html |
| 856 | 4 | 1 |
_3Table of contents only _uhttp://www.loc.gov/catdir/enhancements/fy0805/2007045551-t.html |
| 856 | 4 | 2 |
_3Contributor biographical information _uhttp://www.loc.gov/catdir/enhancements/fy0833/2007045551-b.html |
| 906 |
_a7 _bcbc _corignew _d1 _eecip _f20 _gy-gencatlg |
||
| 942 |
_2ddc _cBK |
||